Hoki dengan illustrasi yang terperinci
| Main Author: | |
|---|---|
| Format: | Book |
| Published: |
Kuala Lumpur :
Goodmark Enterprise ,
1996
|
| Series: | Ke arah Bintang Sukan
|
| Subjects: |
MARC
| LEADER | 00000cam a2200000 7i4500 | ||
|---|---|---|---|
| 001 | 0000008420 | ||
| 002 | 000009178 | ||
| 005 | 20000330.0 | ||
| 020 | |a 9830570940 | ||
| 090 | 0 | 0 | |a 796.9622 |b AHM |
| 100 | 0 | |a Ahmad Wafi | |
| 245 | 1 | 0 | |a Hoki dengan illustrasi yang terperinci |c Ahmad Wafi |
| 260 | |a Kuala Lumpur : |b Goodmark Enterprise , |c 1996 | ||
| 300 | |a 148 p. : |b ill ; |c 29 cm. | ||
| 490 | 0 | |a Ke arah Bintang Sukan | |
| 650 | 0 | 0 | |a Hockey |
| 999 | |a 052772 |b BUKU |c PINJAMAN |e PERPUSTAKAAN KOMUNITI PETALING JAYA | ||
| 999 | |a 052773 |b BUKU |c JUNIOR REFERENCE |e PERPUSTAKAAN KOMUNITI PETALING JAYA | ||